| 000 | 00333nam a2200121Ia 4500 | ||
|---|---|---|---|
| 008 | 190216s9999||||xx |||||||||||||| ||und|| | ||
| 100 | _a"Ramachandran N,Ramkumar Kakani" | ||
| 245 | 0 | _aFinancial Accounting For Management | |
| 260 |
_bTata Mcgraw Hill Publishing Company Ltd _c2008 |
||
| 300 | _a624 | ||
| 650 | _aCommerce | ||
| 942 | _cBK | ||
| 999 |
_c7505 _d7505 |
||